000 00647nam a22002057a 4500
003 URS
005 20230411093756.0
008 170307b xxu||||| |||| 00| 0 eng d
020 _a1572154217
040 _aURS
041 _aeng
050 0 0 _aD 20
_b.H629 2002
245 _aHistory of the world : earliest times to the present day
_cJohn Whitney Hall, general editor, John Grayson Kirk, editor
264 1 _aNorth Dighton, MA
_bWorld Publications
_c©2002
300 _a915 pages :
_billustrations ;
_c30 cm
650 0 _aWorld history.
700 1 _aHall, John Whitney
_eeditor
700 1 _aKirk, John Grayson.
_eeditor
942 _2lcc
_cREF
999 _c69174
_d69173